000
00309nam a2200109Ia 4500
008
220204s9999 xx 000 0 und d
082
_a
339.1:634.573
_b
CAS
245
0
_a
Cashew trade mission to Italy and France 1964
260
_a
Kerala
_b
Cashew Export Promotion Council
_c
1964
650
_a
Cashew
942
_c
BK
999
_c
23565
_d
23565